駅利用者数ランキングTOP100(兵庫県) - Statistics

General Stats
  • This quiz has been taken 337 times
  • The average score is 57 of 100
Answer Stats
駅名 利用者数 % Correct
4 神戸 103098
99%
1 三宮 374222
97%
3 尼崎 139295
97%
6 姫路 97078
97%
8 明石 93014
95%
14 西宮 82043
94%
15 芦屋 70619
93%
18 西明石 59118
92%
2 三ノ宮 231870
91%
13 宝塚 84162
91%
5 新神戸 100914
90%
20 甲子園 53843
90%
27 加古川 42766
89%
9 西宮北口 92815
86%
11 元町 90692
86%
16 伊丹 66421
86%
62 須磨 19732
85%
37 甲子園口 33130
84%
29 兵庫 40176
82%
31 三田 39158
82%
7 新長田 94518
80%
48 六甲 25879
79%
58 新開地 22835
79%
21 垂水 53728
77%
49 高速神戸 25567
77%
40 30904
76%
22 六甲道 49536
73%
10 住吉 91375
72%
17 塚口 64169
72%
41 舞子 30848
72%
59 新三田 20930
72%
50 夙川 25561
70%
74 さくら夙川 15574
70%
19 今津 56856
68%
12 川西能勢口 84631
67%
30 魚崎 39610
65%
43 武庫川 27744
65%
46 山陽姫路 27158
64%
26 立花 44962
63%
38 川西池田 31986
63%
51 岡本 25444
63%
90 須磨海浜公園 11722
63%
60 甲南山手 20682
61%
32 摂津本山 38422
60%
85 網干 13470
60%
55 東加古川 23512
58%
88 摩耶 12502
58%
35 大久保 33296
57%
45 和田岬 27350
57%
47 山陽明石 26602
57%
81 長田 14668
57%
28 西神中央 41026
55%
33 谷上 35176
54%
82 西宮名塩 14602
54%
23 板宿 46010
53%
24 武庫之荘 45114
53%
87 鈴蘭台 12518
52%
39 芦屋川 31625
51%
53 朝霧 23856
49%
79 三宮・花時計前 14884
49%
61 高速長田 19946
48%
76 湊川 15114
47%
99 塩屋 10788
47%
56 土山 23314
46%
57 甲東園 22890
46%
63 魚住 19370
46%
69 仁川 16625
46%
73 中山寺 15974
46%
70 王子公園 16103
45%
77 鷹取 15078
44%
44 園田 27605
42%
25 名谷 45056
41%
72 宝殿 16036
41%
91 小林 11472
41%
64 逆瀬川 19344
40%
66 門戸厄神 18538
40%
68 猪名寺 16708
39%
96 香櫨園 10961
38%
100 県庁前 10784
36%
83 青木 14390
35%
97 山陽垂水 10948
35%
67 湊川公園 17876
33%
54 鳴尾・武庫川女子大前 23749
32%
89 打出 12454
32%
75 山本 15310
31%
84 ハーバーランド 13930
31%
36 学園都市 33186
29%
52 西神南 24646
29%
94 岩屋 11212
29%
34 深江 34372
28%
86 総合運動公園 12852
28%
92 出屋敷 11449
28%
98 新在家 10833
26%
42 妙法寺 29646
25%
93 苦楽園口 11247
23%
65 アイランドセンター 18984
11%
71 みなとじま 16060
11%
80 市民広場 14808
11%
95 荒井 11168
11%
78 医療センター 15006
7%
No matching quizzes found
Score Distribution
Percent of People with Each Score
Percentile by Number Answered
Your Score History
You have not taken this quiz